| 000 | 02306cas a2200601 a 4500 | ||
|---|---|---|---|
| 008 | 750907c19669999enkqr p 0 a0eng c | ||
| 010 |
_a 87654302 _zsn 85010678 |
||
| 016 |
_aB7799011 _2bccb |
||
| 016 | 7 |
_a9884796 _2DNLM |
|
| 016 | 7 |
_aSR0068277 _2DNLM |
|
| 022 |
_a0033-0337 _l0033-0337 _2z |
||
| 030 | _aPRGRDU | ||
| 032 |
_a013565 _bUSPS |
||
| 040 |
_aMnMULS _cMnMULS _dN _dOCoLC _dAIP _dOCoLC _dNST _dAIP _dDLC _dNST _dDLC _dOCoLC _dDLC _dOCoLC _dNST _dNSDP _dDNAL _dOCU-M _dN _dOCoLC _dDNLM _dOCoLC _dNLGGC _dGU _dOCoLC _dNBuU |
||
| 042 |
_apcc _ansdp |
||
| 070 | 0 | _aZ699.A1P7 | |
| 072 | 0 | _aX200 | |
| 082 | 0 | 0 |
_a025.3/028/5 _219 |
| 092 | 4 |
_a025.3028505 _bP96452 _221. |
|
| 099 |
_a\4 _a025.3028505 P96452 |
||
| 130 | 0 | _aProgram (Belfast, Northern Ireland) | |
| 210 | 0 |
_aProgram _b(Lond., 1966) |
|
| 222 | 0 |
_aProgram _b(London. 1966) |
|
| 245 | 0 | 0 | _aProgram. |
| 260 |
_aBelfast, Northern Ireland : _bQueen's University School of Library Studies, _c[1966- |
||
| 300 |
_av. : _bill. ; _c22 cm. |
||
| 310 | _aQuarterly | ||
| 362 | 0 | _aNo. 1 (Mar. 1966)- | |
| 500 | _aImprint varies: London : Aslib, <July 1969-> | ||
| 500 | _aLatest issue consulted: Vol. 35, no. 2 (Apr. 2001). | ||
| 500 | _aSubtitle varies: 1966-<1978>, News of computers in British libraries; <1983>-Jan. 1997, Automated library and information systems; Apr. 1997-, Electronic library and information systems. | ||
| 500 | _aTitle from caption. | ||
| 515 | _aIssues no. 1-8 constitute v. 1. | ||
| 530 |
_aAlso available via World Wide Web; _bOCLC FirstSearch Electronic Collections Online; _cSubscription required for access to abstracts and full text. |
||
| 530 | _aAlso issued online. | ||
| 590 | _alibrary has only 12 | ||
| 592 | _aACQN: aq 95003710 | ||
| 592 | _aKP1; Z678.9.A1P76 | ||
| 650 | 0 |
_aLibraries _xAutomation _vPeriodicals. |
|
| 650 | 2 |
_aInformation Systems _vPeriodicals. |
|
| 650 | 2 |
_aLibrary Automation _vPeriodicals. |
|
| 650 | 1 | 7 |
_aBibliotheken. _2gtt |
| 650 | 1 | 7 |
_aComputers. _2gtt |
| 650 | 1 | 7 |
_aInformatiesystemen. _2gtt |
| 710 | 2 | _aAslib. | |
| 710 | 2 |
_aQueen's University of Belfast. _bSchool of Library Studies. |
|
| 905 |
_aamr _eRev. |
||
| 905 |
_aHala _eCat. |
||
| 942 |
_2ddc _cCR _n0 |
||
| 999 |
_c123409 _d123409 |
||
| 336 |
_atext _2rda content |
||
| 337 |
_aUnmediated _2rdamedia |
||
| 338 |
_avolume _2rdacarrier |
||